| 000 | 00808na a2200265 4500 | ||
|---|---|---|---|
| 001 | 14268 | ||
| 003 | MIRAKIL | ||
| 005 | 20181213154759.0 | ||
| 008 | 161028b tu 000 0 | ||
| 020 | _a9759146576 | ||
| 040 |
_aMilas _btur _cTR-AnCHP |
||
| 041 | _atur | ||
| 082 |
_a809 _bT85k 2006 |
||
| 090 | _a809 T85k 2006 | ||
| 100 | _aTuncay, Orhan | ||
| 245 |
_aKafka'yı kullanma kılavuzu _cOrhan Tuncay ; editör: Tarkan Tufan |
||
| 260 |
_aİstanbul _bNokta Kitap _c2006 |
||
| 300 |
_a125, [12] s. _bfotoğ. _c20 sm. |
||
| 504 | _aKaynakça var. | ||
| 600 |
_aKafka, Franz _d1883-1924 _xEdebi yapıtlar _yEleştiri ve değerlendirme |
||
| 650 |
_aAlman edebiyatı _xEleştiri ve değerlendirme |
||
| 650 |
_aEdebiyat _xEleştiri ve değerlendirme |
||
| 700 | _aTufan, Tarkan | ||
| 942 |
_2dcc _cBKS |
||
| 999 |
_c730 _d730 |
||